00358nam a2200145 a 450000500170000000800410001702000060005805000220006410000200008624500150010626000380012144000240015965000170018365000120020020140414132106.0100902s19uu xx 00 eng d a  aM 363.7bG57 2010 aGoldsmith, Mike aRecycling. aGreat Britain :bTicktock,c2010. aLet's find about... x aRecycling a x x